phonetics - Statistiques

Statistiques générales
  • Ce quiz a été pris 2 fois
  • Le résultat moyen est 3 sur 14
Statistiques - réponses
Hint Réponse % Correct
glottal h
100%
bilabial b p m w
50%
labio-dental f v
50%
palatal j
50%
lateral approximants l
50%
dental θ ð
0%
fricatives f v θ ð s z ʃ ʒ h
0%
velar k g ŋ
0%
nasal stops m n ŋ
0%
plosives p b t d k g
0%
affricates tʃ dʒ
0%
alveolar t d n s z l
0%
post-alveolar tʃ dʒ ʃ ʒ r
0%
approximants w r j
0%
Aucun quiz correspondant
Distribution des résultats
% des personnes avec chaque résultat
Percentile par nombre de réponses
Votre historique - résultats
Vous n’avez pas pris ce quiz